000 00873cab a2200265 4500
001 WB2813-35
008 090401t1992 xxu||||| |||| 00| 0 eng d
035 _a(Sirsi) u63945
041 _aeng
245 _aUndervaluing of property
260 _c1992
350 _a0
490 _aIndependent on Sunday
_v22 March 1992, 19;
490 _aSunday Times
_v22 March 1992, 4.6(2)
520 _aSurveyors defend themselves against claims that they are valuing property over cautiously and preventing a recovery in the housing market. (See WB2812-41)
650 _aHOUSING MARKET
650 _aNATIONAL ASSOCIATION OF ESTATE AGENTS
650 _aSURVEYORS
650 _aUNDER-VALUATION
650 _aValuation
_96273
690 _aPROPERTY-RESIDENTIAL PROPERTY-RESIDENTIAL PROPERTY MARKET
690 _aRATING AND VALUATION
942 _n0
948 _c04/03/1997
999 _c39791
_d39791